000 00299nam a22001337a 4500
008 171202b xxu||||| |||| 00| 0 eng d
020 _a9781439168011
041 _aeng
080 _a32
100 _a18
101 _aSHP
245 _aHAVE YOU SEEN MY COUNTRY LATELY?
_cDOYLE, J
942 _2udc
_cBK
999 _c38759
_d38759